000 01462nam0a2200361 4500
001 RU\NLR\bibl\1279305
005 20260405143916.0
010 _a978-5-17-045731-1
_bАСТ
010 _a978-5-9713-6642-3
_bАСТ Москва
010 _a978-5-9762-5182-3
_bХранитель
_93000
021 _aRU
_b2008-60283
_93384
035 _a(NLR Aleph) 001265096
090 _a403590
_c403590
100 _a20080620d2008 |||y0rusy50 ca
101 0 _arus
102 _aRU
105 _ay |||||||||
200 1 _aКак стать любимицей Фортуны
_e[технологии управления собственной судьбой]
_fЯнина Наволоцкая
210 _aМосква
_cАСТ
_cХранитель
_d2008
215 _a230, [2] с.
_d21
606 1 _aУспех
_xСоциально-психологические исследования
_92074287
_3RU\NLR\auth\661249276
686 _a00144
_aСоциальная психология
_2TCC-BG
686 _a0017
_aПопулярная психология
_2TCC-BG
686 _aС550.354
686 _a88.52
_vLBC/PL
700 1 _4070
_8rus
_7ca
_aНаволоцкая
_bЯ. Е.
_gЯнина Евгеньевна
_3RU\NLR\auth\7759578
_942509
801 0 _aRU
_bЛИБНЕТ
_c20080620
801 1 _aRU
_bЦУНБ Москва
_c20080702
_2rusmarc
801 2 _aRU
_bNLR
_c20081001
_grcr
830 _aCODE_OF_LIBNET\000009386
942 _cBOOK
980 _aNB